000 01094nam a2200241Ii 4500
003 JO-AjNU
008 230605s9999||||xx |||||||||||||| ||und||
017 _a2020/9/3744
020 _a978-9957-94-562-6
040 _aJO-AjNU
_bara
_erda
_cJO-AjNU
041 _aara
050 1 4 _aDS109.9.Z83 2021
100 3 _aالمهتدي، عبلة سعيد ,
_eauthor
_963801
245 0 0 _aالقدس الشريف: منظور جديد للارض،البشر والحجر(3000 ق.م-1517م)
250 _aالطبعة الاولى
264 3 1 _aعمان: وزارة الثقافة، 2021
300 _a574ص
_bيحتوي على قائمة مصادر ومراجع وجداول وملاحق من ص 509-574ص
336 _atext
_btxt
_2rdacontent
337 _aunmediated
_bn
_2rdamedia
338 _avolume
_bnc
_2rdacarrier
490 0 _aسلسلة فكر ومعرفة 2021 من منشورات وزارة الثقافة
650 4 _aتاريخ القدس-الحضارات القديمة-ما قبل التاريخ-تحرير صلاح الدين للقدس 1187-التاريخ القديم
_963802
999 _aA28959
_c32527
_d32527